书目信息 |
| 题名: |
太阳和月亮
|
|
| 作者: | 张淑莉 主编 | |
| 分册: | ||
| 出版信息: | 北京 气象出版社 2002.01 |
|
| 页数: | 63页 | |
| 开本: | 26cm | |
| 丛书名: | 宇宙知识图库 | |
| 单 册: | ||
| 中图分类: | P18-49 | |
| 科图分类: | ||
| 主题词: | 宇宙--青少年读物 , 太阳--青少年读物 , 月亮--青少年读物 | |
| 电子资源: | ||
| ISBN: | 7-5029-2424-8 | |
| 000 | 00932nam 2200265 450 | |
| 001 | 0142658515 | |
| 005 | 20051018092150.41 | |
| 010 | @a7-5029-2424-8@dCNY25.00 | |
| 100 | @a20050912d2002 km y0chiy0120 ea | |
| 101 | 0 | @achi |
| 102 | @aCN@b110000 | |
| 105 | @aa z 000yy | |
| 200 | 1 | @a太阳和月亮@Atai yang he yue liang@f张淑莉主编@Fzhang shu li zhu bian |
| 210 | @a北京@c气象出版社@d2002.01 | |
| 215 | @a63页@c彩图@d26cm | |
| 225 | 2 | @a宇宙知识图库 |
| 330 | @a太阳和月亮是同人类关系最为密切的天体,世界上许多古老国家和民族都流传着相关的神话传说,然而她们真实的面目是怎样的?本书通过100余幅精美的图片,讲述了太阳、月亮的诞生,日食、月食的发生及人类登月的壮举。 | |
| 410 | 0 | @12001 @a宇宙知识图库 |
| 606 | 0 | @a宇宙@j青少年读物 |
| 606 | 0 | @a太阳@j青少年读物 |
| 606 | 0 | @a月亮@j青少年读物 |
| 690 | @aP18-49@v4 | |
| 701 | 0 | @a张淑莉@Azhang shu li@4主编 |
| 801 | 0 | @aCN@bQSSK@c20051018 |
| 905 | @a10447@dP18-49@eZ173 | |
| 太阳和月亮/张淑莉主编.-北京:气象出版社,2002.01 |
| 63页:彩图;26cm.-(宇宙知识图库) |
| ISBN 7-5029-2424-8:CNY25.00 |
| 太阳和月亮是同人类关系最为密切的天体,世界上许多古老国家和民族都流传着相关的神话传说,然而她们真实的面目是怎样的?本书通过100余幅精美的图片,讲述了太阳、月亮的诞生,日食、月食的发生及人类登月的壮举。 |
| ● |
| 相关链接 |
|
|
|
正题名:太阳和月亮
索取号:P18-49/Z173
 
预约/预借
| 序号 | 登录号 | 条形码 | 馆藏地/架位号 | 状态 | 备注 |
| 1 | 569433 | 205694337 | 自科库401/401自科库 111排2列3层/ [索取号:P18-49/Z173] | 在馆 | |
| 2 | 569434 | 205694346 | 期刊室512/401自科库 110排2列6层/ [索取号:P18-49/Z173] | 在馆 | |
| 3 | 569435 | 205694355 | 期刊室512/401自科库 110排2列6层/ [索取号:P18-49/Z173] | 在馆 |